| 000 | 01247cam a2200349 i 4500 | ||
|---|---|---|---|
| 001 | 10416 | ||
| 003 | Mx-PuUPA | ||
| 005 | 20220221134655.0 | ||
| 008 | 140415s1989 sp a gre 001 0 spa d | ||
| 017 | _aM. 8.888-1961 | ||
| 020 |
_a8423952215 _qtomo 21 |
||
| 040 |
_aMx-PuUPA _bspa _cMx-PuUPA _dMx-PuUPA _erda |
||
| 041 | 0 | _aspa | |
| 100 | 1 |
_aGutiérrez, Fernando G., _eautor |
|
| 245 | 1 | 3 |
_aEl arte del Japón / _cFernando G. Gutiérrez |
| 250 | _aQuinta edición | ||
| 264 | 1 |
_aMadrid : _bEspasa-Calpe, _c1989 _c©1967 |
|
| 300 |
_a567 páginas, xxx hojas : _bilustraciones, láminas (algunas a color) ; _c28 cm |
||
| 336 |
_2rdacontent _atexto _btxt |
||
| 336 |
_2rdacontent _aimagen fija _bsti |
||
| 337 |
_2rdamedia _asin medio _bn |
||
| 338 |
_2rdacarrier _avolumen _bnc |
||
| 490 | 1 |
_aSumma artis, historia general del arte ; _v21 |
|
| 650 | 7 |
_aArte _xHistoria _2armarc |
|
| 655 | 7 |
_2armarc _aEnciclopedias |
|
| 785 | 0 | 0 |
_aCamón Aznar, José, _bQuinta edición _dMadrid : Espasa-Calpe, 1988 _tPintura medieval española _w(Mx-PuUPA) 10418 _z8423952223 |
| 830 | 0 |
_912114 _aSumma artis, historia general del arte _v21 |
|
| 942 |
_2ddc _cLI _h709 _iS955 |
||
| 999 |
_c10416 _d10416 |
||